000 00637nam a2200229Ia 4500
003 OSt
005 20220918183601.0
006 a|||||r|||| 00| 0
007 ta
008 220917b |||||||| |||| 00| 0 eng d
024 _a39,054
037 _cTextual
040 _aARTS
_cARTS
_beng
041 _2eng
_aeng
082 _aO15:1B1:9, 111H0
100 _aVenkatesa Masti
_963158
245 0 _aPoetry of Valmiki
_b A literary appreciation of the best parts of the Ramayana
260 _c1940
650 _aENGLISH LITERATURE
942 _hO15:1B1:9, 111H0
_cTEXL
_2CC
999 _c173133
_d173133